Vynovené ihrisko najťažšie bolo presvedčiť ľudí, že sa to oplatí

Bibliographic Details
Main Author: Grejták, Milan (Author)
Format: Article
Language:Slovak
PhysicalDescription:Fotogr.
ISSN:1336-4030
Subjects:
Online Access:www.vecernik.po.sk

MARC

LEADER 00000nab a2200000 a 4500
001 vtls008427492
003 SK-MaSNL
005 20260303065957.0
008 060201c20051123xo dr n 000 00slo
038 |a SVKPOCL 
040 |a SVKPOCL  |b slo  |c AACR2  |e AACR2 
041 |a slo 
044 |a xo  |c SK 
080 |a 712.256  |2 1997 
100 1 |a Grejták, Milan  |4 aut  |9 434980 
245 1 0 |a Vynovené ihrisko  |b najťažšie bolo presvedčiť ľudí, že sa to oplatí  |c Milan Grejták 
300 |a Fotogr. 
650 0 7 |a detské ihriská  |2 svkpocl  |9 73875 
651 7 |a Prešov (Slovensko)  |2 svkpocl  |9 17347 
773 0 |t Prešovský večerník  |g Roč. XVI, č. 3842 (23.11.2005), s. 10  |x 1336-4030 
852 |a SVKPO  |b KIS3GCP 
856 4 1 |u www.vecernik.po.sk 
999 |c 1753492  |d 1755422